000 00490nam a2200181Ia 4500
005 20250508160106.0
008 008 250505s9999 xx 000 0 eng d
037 _aTextual
040 _aFEDL
_beng
_cFEDL
041 _aeng
_2eng
084 _a301.340954, IND
_qFEDL
245 0 _aMain recommendations, proceedings and agenda notes
260 _c1961
300 _aiii,273p.
650 _aSociology
942 _cTEXL
_h301.340954, IND
999 _c1361643
_d1361643